000
00219nam a22000977a 4500
008
180807b xxu||||| |||| 00| 0 eng d
082
_a
813.52
245
_a
Basing Nsg Skills Risk Mg
300
_a
1
_f
CD
942
_2
ddc
_c
MX
999
_c
46907
_d
46907